Distributed operating systems (Record no. 6485)
[ view plain ]
| 000 -LEADER | |
|---|---|
| fixed length control field | 00402 a2200133 4500 |
| 020 ## - INTERNATIONAL STANDARD BOOK NUMBER | |
| International Standard Book Number | 9780780311190 |
| 090 ## - LOCALLY ASSIGNED LC-TYPE CALL NUMBER (OCLC); LOCAL CALL NUMBER (RLIN) | |
| -- | 2562 |
| -- | 2562 |
| 100 10 - MAIN ENTRY--PERSONAL NAME | |
| Personal name | Sinha, Pradeep K |
| 245 10 - TITLE STATEMENT | |
| Title | Distributed operating systems |
| Remainder of title | : concepts and design |
| Statement of responsibility, etc. | / Pradeep K. Sinha. |
| 260 ## - PUBLICATION, DISTRIBUTION, ETC. | |
| Place of publication, distribution, etc. | New Delhi |
| Name of publisher, distributor, etc. | Prentice Hall, |
| Date of publication, distribution, etc. | 1997. |
| 300 ## - PHYSICAL DESCRIPTION | |
| Extent | 743 p. |
| Other physical details | : ill. |
| 650 #0 - SUBJECT ADDED ENTRY--TOPICAL TERM | |
| Topical term or geographic name entry element | Distributed operating systems (Computers) |
| 942 ## - ADDED ENTRY ELEMENTS (KOHA) | |
| Koha item type | Book |
| Call number prefix | 005.44 SIN |
| Withdrawn status | Lost status | Damaged status | Not for loan | Collection code | Permanent Location | Current Location | Shelving location | Date acquired | Source of acquisition | Cost, normal purchase price | Total Checkouts | Full call number | Barcode | Date last seen | Price effective from | Koha item type |
|---|---|---|---|---|---|---|---|---|---|---|---|---|---|---|---|---|
| Central Library (CL) | Central Library (CL) | First Floor - Operating System/ Data Structure | 03/13/2002 | Vanguard Books | 433.50 | 005.44 SIN | SEECS001913 | 11/14/2012 | 01/05/2017 | Book |
